000 00633nas a2200229 4500
001 BR0809073
003 BR-BrBNA
005 20231205112521.0
007 ta
008 230509b bl.|||p| |||| 00| 00por d
040 _aBR-BrBNA
_bpor
_cBiblioteca Nacional de Agricultura
041 _a(Pt)
072 _aE11
100 1 _aMarafon, P.J.
245 1 _aReforma tributária
650 _aIMPOSTO
650 _aINDÚSTRIA AGRÍCOLA
650 _aPOLÍTICA FISCAL
773 0 _tAgroanalysis (Brazil)
_xISSN 0100-4298
_g(Jun 2008), v. 28(6) p. 42-44
_wBR0809073
909 _a202311
_bLúcia
_c55
_dLúcia Elande
942 _2AGRIS
_n0
_cANA
999 _c198470
_d198470